000 00742nam a22002292 4500
001 0000004369
005 20151021151103.0
008 070522s xx 000 0 eng d
020 _a8120308557 :
_cKES 600
040 _aKABU
_cKABU
050 0 _aQA76.9
_b.A73M36 1993
100 1 _aMano, M. Morris.
_@0000154900
245 1 0 _aComputer system architecture /
_cM. Morris Mano.
250 _a3rd ed.
260 _aNew Delhi :
_bPrentice-Hall of India,
_cc1993.
300 _axviii, 525 p. ;
_c24 cm.
650 0 _aComputer architecture.
_@0000154894
908 _a070522
950 _@1
999 _c529
_d529